000 00226nam a22000857a 4500
008 160810b xxu||||| |||| 00| 0 eng d
100 _9102
_aSharma N.K
245 _aExam kit-Chemistry-XII
260 _aNew Delhi
_bL.P Publication
_c2011
999 _c2755
_d2755